000 00438nam a2200205Ia 4500
001 12894
003 GE_BSU
008 181216s||||||||xx |||||||||||||| ||und||
020 _a9780755349418
040 _cGE_BSU
080 _a821.111-312.4
100 _aPatterson,James.
245 _aDouble Cross.
260 _aLondon.
260 _bHeadline.
260 _c2007
300 _a437p;18cm.
653 _aDouble Cross.
942 _cBK
999 _c46064
_d46064